[Event "7th Cattolica Open-B 2020"]
[Site "Cattolica"]
[Date "2020.09.05"]
[Round "6.4"]
[White "Giovannini, Roberto"]
[Black "Beliman, Alexandro"]
[Result "1/2-1/2"]
[WhiteElo "1893"]
[BlackElo "1732"]
[Annotator "NA RC"]
[PlyCount "40"]
[EventDate "2020.08.31"]
[EventType "swiss"]
[EventCountry "ITA"]
[SourceTitle "playchess.com"]
[Source "ChessBase"]
[SourceQuality "1"]
[TimeControl "5400+30"]

1. d4 {[%emt 0:00:00]} d5 {[%emt 0:00:00]} 2. Nf3 {[%emt 0:00:12]} Nc6 {[%emt 0:00:00]} 3. Bf4 {[%emt 0:00:28]} Bg4 {[%emt 0:00:00]} 4. e3 {[%emt 0:01:11]} e6 {[%emt 0:00:17]} 5. Be2 {[%emt 0:00:33]} Bd6 {[%emt 0:00:40]} 6. O-O $15 {[%emt 0:01:12]} (6. Bg3 $11) 6... Nge7 {[%emt 0:01:29]} 7. Bxd6 {[%emt 0:06:58]} cxd6 {[%emt 0:01:18]} 8. Nbd2 {[%emt 0:00:16]} O-O {[%emt 0:00:22]} 9. c4 {[%emt 0:00:44]} dxc4 {[%emt 0:01:33]} 10. Nxc4 {[%emt 0:00:26]} Rc8 {[%emt 0:02:49]} 11. Rc1 {[%emt 0:06:14]} d5 {[%emt 0:05:44]} 12. Nce5 {[%emt 0:01:12]} Nxe5 {[%emt 0:00:27]} 13. Rxc8 {[%emt 0:03:21]} Qxc8 {[%emt 0:04:09]} 14. Nxe5 {[%emt 0:00:16]} Bxe2 {[%emt 0:00:14]} 15. Qxe2 {[%emt 0:00:12]} Qc7 {[%emt 0:03:50]} 16. g3 {[%emt 0:04:06]} Rc8 {[%emt 0:00:54]} 17. Qb5 {[%emt 0:07:28]} f6 {[%emt 0:06:09]} 18. Nd3 {[%emt 1:04:11]} b6 {[%emt 0:04:57]} 19. Rc1 {[%emt 0:00:00]} Qb7 {[%emt 0:01:09]} 20. Rxc8+ {[%emt 0:00:00]} Qxc8 {[%emt 0:00:18]} 1/2-1/2

[Event "7th Cattolica Open-B 2020"]
[Site "Cattolica"]
[Date "2020.09.05"]
[Round "6.5"]
[White "Frescura, Davide"]
[Black "Palozza, Flavio"]
[Result "1-0"]
[WhiteElo "1916"]
[BlackElo "1619"]
[Annotator "NA"]
[PlyCount "123"]
[EventDate "2020.08.31"]
[EventType "swiss"]
[EventCountry "ITA"]
[SourceTitle "playchess.com"]
[Source "ChessBase"]
[SourceQuality "1"]
[TimeControl "5400+30"]

1. e4 {[%emt 0:00:00]} c6 {[%emt 0:00:00]} 2. d4 {[%emt 0:00:00]} d5 {[%emt 0:00:00]} 3. Nd2 {[%emt 0:00:00]} dxe4 {[%emt 0:00:00]} 4. Nxe4 {[%emt 0:00:00]} Bf5 {[%emt 0:00:00]} 5. Ng3 {[%emt 0:00:05]} Bg6 {[%emt 0:00:00]} 6. Nf3 {[%emt 0:00:12]} e6 {[%emt 0:00:00]} 7. h4 {[%emt 0:03:34]} h6 {[%emt 0:00:00]} 8. h5 {[%emt 0:00:09]} Bh7 {[%emt 0:00:02]} 9. Bd3 {[%emt 0:00:43]} Bxd3 {[%emt 0:00:06]} 10. Qxd3 {[%emt 0:00:08]} Nd7 {[%emt 0:00:04]} 11. Bd2 {[%emt 0:02:26]} Qc7 {[%emt 0:00:06]} 12. O-O-O {[%emt 0:01:49]} Ngf6 {[%emt 0:00:27] B19: Classical Caro-Kann: 4...Bf5 main line.} 13. Rde1 {[%emt 0:07:44]} O-O-O {[%emt 0:00:28]} 14. Qe2 {[%emt 0:03:53]} Bd6 {[%emt 0:03:45]} 15. Ne5 {[%emt 0:04:45] [#]} Bxe5 $146 {[%emt 0:12:09]} ({Predecessor:} 15... Rhf8 16. Rh3 Kb8 17. f4 c5 18. dxc5 Nxc5 19. Kb1 Nfd7 20. Nxd7+ Rxd7 {½-½ (36) Guttulsrud,O (2190)-Hanssen,G (2217) Oslo 2011}) 16. dxe5 {[%emt 0:00:09]} Nd5 {[%emt 1:20:53]} 17. f4 {[%emt 0:04:02]} Ne7 {[%emt 0:00:30]} 18. Ne4 {[%emt 0:04:00]} Kb8 {[%emt 0:00:00]} 19. Nd6 {[%emt 0:02:11]} Rdf8 {[%emt 0:00:00]} 20. Qg4 {[%emt 0:11:20]} Rhg8 {[%emt 0:00:00]} 21. Rd1 {[%emt 0:10:22]} Nc8 {[%emt 0:02:00]} 22. Bc3 {[%emt 0:04:29]} Ndb6 {[%emt 0:00:00]} 23. Ba5 {[%emt 0:15:56]} Qe7 {[%emt 0:00:00]} 24. Bb4 {[%emt 0:04:46]} Nd5 {[%emt 0:00:00]} 25. Ba3 {[%emt 0:07:41]} c5 {[%emt 0:00:00]} 26. Bxc5 {[%emt 0:04:56]} Qc7 {[%emt 0:00:00]} 27. Bd4 {[%emt 0:04:32]} Nb4 {[%emt 0:03:00]} 28. c3 {[%emt 0:01:35]} Nxa2+ {[%emt 0:00:00]} 29. Kb1 {[%emt 0:00:27]} Qa5 {[%emt 0:00:00]} 30. Qe2 {[%emt 0:01:07]} Rd8 {[%emt 0:00:49]} 31. Qc4 {[%emt 0:00:44]} Nxc3+ {[%emt 0:00:37]} 32. Bxc3 {[%emt 0:00:50]} Qb6 {[%emt 0:00:30]} 33. Nxf7 {[%emt 0:00:54]} Rdf8 {[%emt 0:00:32]} 34. Nd6 {[%emt 0:00:34]} Qe3 {[%emt 0:00:26]} 35. Nxc8 {[%emt 0:00:37]} Rxc8 {[%emt 0:00:17]} 36. Qd4 {[%emt 0:00:23]} Qe2 {[%emt 0:00:22]} 37. Rd2 {[%emt 0:00:34]} Qg4 {[%emt 0:00:26]} 38. Rhd1 {[%emt 0:00:40]} Rgd8 {[%emt 0:00:32]} 39. Qxd8 {[%emt 0:00:27]} Rxd8 {[%emt 0:00:04]} 40. Rxd8+ {[%emt 0:00:09]} Kc7 {[%emt 0:00:03]} 41. R8d7+ {[%emt 0:00:39]} Kc8 {[%emt 0:00:48]} 42. Ba5 {[%emt 0:00:41]} b6 {[%emt 0:00:17]} 43. Bc3 {[%emt 0:00:31]} Qxh5 {[%emt 0:00:39]} 44. R1d6 {[%emt 0:00:22]} Qh1+ {[%emt 0:00:44]} 45. Ka2 {[%emt 0:00:25]} Qxg2 {[%emt 0:00:16]} 46. Rxa7 {[%emt 0:00:19]} Qe4 {[%emt 0:01:04]} 47. Rdd7 {[%emt 0:00:44]} Qc4+ {[%emt 0:00:19]} 48. Ka3 {[%emt 0:00:28]} Qc5+ {[%emt 0:00:32]} 49. Bb4 {[%emt 0:00:21]} Qe3+ {[%emt 0:00:36]} 50. Ka2 {[%emt 0:00:23]} Qe4 {[%emt 0:00:43]} 51. Rac7+ $2 {[%emt 0:00:46]} (51. Rf7 {mates} Qd5+ 52. Ka3 Qd3+ 53. b3 Qd5 54. Bd6 Qa5+ 55. Rxa5 bxa5 56. f5) 51... Kb8 {[%emt 0:00:04]} 52. Rb7+ {[%emt 0:00:11]} (52. Kb3 $142 Qg2 53. Rc3 Qb7 54. Rxb7+ Kxb7 {[#]} 55. f5 $1 {[%mdl 576] Promotion} exf5 56. e6 g6 57. e7 f4 58. e8=Q h5 59. Qc8+ Ka7 60. Rc7#) 52... Kc8 {[%emt 0:00:57]} 53. Rdc7+ {[%emt 0:00:12]} Kd8 {[%emt 0:00:07]} 54. Be7+ {[%emt 0:00:07]} Ke8 {[%emt 0:00:07]} 55. Bd6 {[%emt 0:01:04] Decoy} Qd5+ {[%emt 0:01:08]} 56. Ka3 {[%emt 0:00:55]} Qa5+ {[%emt 0:00:31]} 57. Kb3 {[%emt 0:00:10]} Qb5+ {[%emt 0:00:12]} 58. Kc3 {[%emt 0:00:34]} Qa5+ {[%emt 0:01:00]} 59. Bb4 {[%emt 0:00:10]} Qa8 {[%emt 0:00:11]} 60. Re7+ {[%emt 0:00:16]} Kd8 {[%emt 0:01:03]} 61. Rbd7+ {[%emt 0:00:23]} Kc8 {[%emt 0:00:05]} 62. Re8+ {[%emt 0:00:09]} 1-0

[Event "7th Cattolica Open-B 2020"]
[Site "Cattolica"]
[Date "2020.09.05"]
[Round "6.6"]
[White "Di Maulo, Alessandra"]
[Black "Cote, Frederic"]
[Result "*"]
[WhiteElo "1751"]
[BlackElo "1917"]
[Annotator "RC"]
[PlyCount "22"]
[EventDate "2020.08.31"]
[EventType "swiss"]
[EventCountry "ITA"]
[SourceTitle "playchess.com"]
[Source "ChessBase"]
[SourceQuality "1"]
[TimeControl "5400+30"]

1. e4 {[%emt 0:00:19]} c5 {[%emt 0:00:00]} 2. b4 {[%emt 0:00:47]} cxb4 {[%emt 0:03:15]} 3. a3 {[%emt 0:00:43]} d5 {[%emt 0:12:50]} 4. exd5 {[%emt 0:05:41]} Qxd5 {[%emt 0:02:45]} 5. Nf3 {[%emt 0:07:08]} Bg4 {[%emt 0:06:36]} 6. d4 {[%emt 0:08:14]} Bxf3 {[%emt 0:18:03]} 7. gxf3 {[%emt 0:01:42]} e6 {[%emt 0:01:13]} 8. axb4 {[%emt 0:01:11]} Bxb4+ {[%emt 0:00:42]} 9. c3 {[%emt 0:00:06]} Be7 {[%emt 0:00:44]} 10. Na3 {[%emt 0:03:10]} Nc6 {[%emt 0:48:52]} 11. Bc4 {[%emt 0:01:48]} Qd8 {[%emt 0:00:00]} *

[Event "7th Cattolica Open-B 2020"]
[Site "Cattolica"]
[Date "2020.09.05"]
[Round "6.6"]
[White "Maselli, David"]
[Black "Pellegrini, Ennio Paolo"]
[Result "0-1"]
[WhiteElo "1649"]
[BlackElo "1733"]
[Annotator "NA"]
[PlyCount "92"]
[EventDate "2020.08.31"]
[EventType "swiss"]
[EventCountry "ITA"]
[SourceTitle "playchess.com"]
[Source "ChessBase"]
[SourceQuality "1"]
[TimeControl "5400+30"]

1. e4 {[%emt 0:00:19]} c5 {[%emt 0:00:00]} 2. b4 {[%emt 0:00:47]} cxb4 {[%emt 0:03:15]} 3. a3 {[%emt 0:00:43]} d5 {[%emt 0:12:50]} 4. exd5 {[%emt 0:05:41]} Qxd5 {[%emt 0:02:45]} 5. Nf3 {[%emt 0:07:08]} Bg4 {[%emt 0:06:36]} 6. d4 {[%emt 0:08:14]} Bxf3 {[%emt 0:18:03]} 7. gxf3 {[%emt 0:01:42]} e6 {[%emt 0:01:13]} 8. axb4 {[%emt 0:01:11]} Bxb4+ {[%emt 0:00:42]} 9. c3 {[%emt 0:00:06]} Be7 {[%emt 0:00:44]} 10. Na3 {[%emt 0:03:10]} Nc6 {[%emt 0:48:52]} 11. Bc4 {[%emt 0:01:48]} Qd8 {[%emt 0:00:00]} 12. Nb5 {[%emt 0:10:40]} Rc8 {[%emt 0:00:00]} 13. Qa4 {[%emt 0:06:33]} Qd7 {[%emt 0:00:00]} 14. Na3 {[%emt 0:21:19]} a6 {[%emt 0:00:00]} 15. Be2 {[%emt 0:00:43]} Nf6 {[%emt 0:00:00]} 16. Be3 {[%emt 0:05:57]} O-O {[%emt 0:00:00]} 17. Nc2 {[%emt 0:05:57]} Rfd8 {[%emt 0:00:00]} 18. O-O {[%emt 0:01:21]} Nd5 {[%emt 0:00:00]} 19. Qb3 {[%emt 0:01:08]} Bd6 {[%emt 0:00:00]} 20. Kh1 {[%emt 0:03:59]} Nce7 {[%emt 0:00:00]} 21. c4 {[%emt 0:00:49]} Nf4 {[%emt 0:00:00]} 22. Bd3 {[%emt 0:01:39]} Neg6 {[%emt 0:00:00]} 23. Bxg6 {[%emt 0:00:18]} Nxg6 {[%emt 0:00:00]} 24. c5 {[%emt 0:00:35]} Bb8 {[%emt 0:00:00]} 25. Rfb1 {[%emt 0:02:27]} Qc7 {[%emt 0:00:00]} 26. f4 {[%emt 0:00:12]} b5 {[%emt 0:00:59]} 27. Nb4 {[%emt 0:01:15]} Nxf4 {[%emt 0:00:37]} 28. Bxf4 {[%emt 0:01:58]} Qxf4 {[%emt 0:00:10]} 29. Qg3 {[%emt 0:00:20]} Qxd4 {[%emt 0:00:29]} 30. Qg2 {[%emt 0:00:05]} Qxc5 {[%emt 0:07:45]} 31. Nxa6 {[%emt 0:00:16]} Qc2 {[%emt 0:00:00]} 32. Rg1 {[%emt 0:01:34]} Be5 {[%emt 0:00:00]} 33. Rae1 {[%emt 0:00:28]} Bf6 {[%emt 0:00:00]} 34. Nb4 {[%emt 0:00:02]} Qc4 {[%emt 0:00:00]} 35. Na6 {[%emt 0:00:39]} b4 {[%emt 0:00:00]} 36. Qb7 {[%emt 0:00:04]} b3 {[%emt 0:00:00]} 37. Rb1 {[%emt 0:00:08]} b2 {[%emt 0:00:00]} 38. Rxb2 {[%emt 0:01:44]} Bxb2 {[%emt 0:00:00]} 39. Qxb2 {[%emt 0:00:02]} Qe4+ {[%emt 0:00:00]} 40. f3 {[%emt 0:00:45]} Qxf3+ {[%emt 0:00:00]} 41. Qg2 {[%emt 0:00:04]} Qxg2+ {[%emt 0:00:00]} 42. Kxg2 {[%emt 0:00:05]} Rc2+ {[%emt 0:00:00]} 43. Kh3 {[%emt 0:01:28]} Rd3+ {[%emt 0:00:11]} 44. Rg3 {[%emt 0:03:56]} Rdd2 {[%emt 0:00:23]} 45. Nb4 {[%emt 0:00:21]} Rxh2+ {[%emt 0:00:10]} 46. Kg4 {[%emt 0:00:04]} Rc4+ {[%emt 0:00:10]} 0-1

[Event "7th Cattolica Open-B 2020"]
[Site "Cattolica"]
[Date "2020.09.05"]
[Round "6.7"]
[White "Di Maulo, Alessandra"]
[Black "Cote, Frederic"]
[Result "0-1"]
[WhiteElo "1751"]
[BlackElo "1917"]
[Annotator "NA"]
[PlyCount "130"]
[EventDate "2020.08.31"]
[EventType "swiss"]
[EventCountry "ITA"]
[SourceTitle "playchess.com"]
[Source "ChessBase"]
[SourceQuality "1"]
[TimeControl "5400+30"]

1. e4 {[%emt 0:00:00]} c5 {[%emt 0:00:00]} 2. Nf3 {[%emt 0:00:00]} a6 {[%emt 0:00:00]} 3. c4 {[%emt 0:00:00]} b6 {[%emt 0:02:34]} 4. d4 {[%emt 0:01:19]} cxd4 {[%emt 0:00:16]} 5. Nxd4 {[%emt 0:00:31]} Bb7 {[%emt 0:00:28]} 6. Nc3 {[%emt 0:00:53]} e6 {[%emt 0:00:14]} 7. Qd3 {[%emt 0:06:20]} Qc7 {[%emt 0:04:49]} 8. Be2 {[%emt 0:01:54]} Nf6 {[%emt 0:02:47]} 9. O-O {[%emt 0:01:13]} Bb4 {[%emt 0:05:25]} 10. f3 {[%emt 0:04:39]} Nc6 {[%emt 0:02:54]} 11. Nxc6 {[%emt 0:14:08]} Bxc6 $17 {[%emt 0:00:51]} 12. Be3 {[%emt 0:01:17]} O-O {[%emt 0:01:12]} 13. Rfd1 {[%emt 0:03:46]} Rfd8 {[%emt 0:05:43]} 14. Rac1 {[%emt 0:05:51]} Qb8 {[%emt 0:09:55]} 15. a3 {[%emt 0:05:41]} Bc5 {[%emt 0:04:34]} 16. Kh1 {[%emt 0:02:57]} d5 {[%emt 0:03:22]} 17. cxd5 {[%emt 0:03:30]} exd5 {[%emt 0:00:57]} 18. exd5 {[%emt 0:01:24]} Bxe3 {[%emt 0:03:24]} 19. Qxe3 {[%emt 0:00:58]} Nxd5 {[%emt 0:01:37]} 20. Nxd5 {[%emt 0:01:19]} Bxd5 {[%emt 0:00:16]} 21. Bd3 {[%emt 0:05:25]} g6 {[%emt 0:00:53]} 22. Be4 {[%emt 0:02:21]} Bxe4 {[%emt 0:00:23]} 23. Qxe4 {[%emt 0:00:37]} Re8 {[%emt 0:00:40]} 24. Qc4 {[%emt 0:02:40]} b5 {[%emt 0:01:23]} 25. Qb3 {[%emt 0:01:21]} Qf4 {[%emt 0:02:24]} 26. Qd3 {[%emt 0:13:28]} Re3 {[%emt 0:02:24]} 27. Qd7 {[%emt 0:06:11]} Rae8 {[%emt 0:00:55]} 28. Rc8 {[%emt 0:03:07]} Rxc8 {[%emt 0:03:14]} 29. Qxc8+ {[%emt 0:00:04]} Kg7 {[%emt 0:00:11]} 30. Qc1 {[%emt 0:06:48]} Rd3 {[%emt 0:03:56]} 31. Qc2 {[%emt 0:01:38]} Re3 {[%emt 0:02:21]} 32. Kg1 {[%emt 0:01:02]} Qe5 {[%emt 0:01:33]} 33. Kf2 {[%emt 0:00:51]} h5 {[%emt 0:01:09]} 34. h4 {[%emt 0:01:53]} Qe7 {[%emt 0:00:28]} 35. Rd4 {[%emt 0:00:20]} Re1 {[%emt 0:01:50]} 36. Qd2 {[%emt 0:00:47]} Re6 {[%emt 0:04:00]} 37. Qd3 {[%emt 0:01:12]} Qc5 {[%emt 0:01:43]} 38. b4 {[%emt 0:00:43]} Qc1 {[%emt 0:00:33]} 39. Re4 {[%emt 0:00:46]} Rxe4 {[%emt 0:09:32]} 40. Qxe4 {[%emt 0:00:13]} Qxa3 {[%emt 0:00:12]} 41. Qe5+ {[%emt 0:00:19]} Kh7 {[%emt 0:00:13]} 42. Qf4 {[%emt 0:00:20]} Qb2+ {[%emt 0:01:11]} 43. Kg3 {[%emt 0:00:18]} Kg7 {[%emt 0:00:17]} 44. Qe4 {[%emt 0:00:30]} Qf6 {[%emt 0:01:04]} 45. Qd5 {[%emt 0:00:29]} Qc3 {[%emt 0:01:02]} 46. Qd6 {[%emt 0:01:02]} Qe1+ {[%emt 0:01:09]} 47. Kh3 {[%emt 0:00:26]} Qe6+ {[%emt 0:00:50]} 48. Qxe6 {[%emt 0:00:05]} fxe6 {[%emt 0:00:06]} 49. Kg3 {[%emt 0:00:06]} e5 {[%emt 0:00:46]} 50. Kf2 {[%emt 0:00:49]} Kf6 {[%emt 0:00:10]} 51. Ke3 {[%emt 0:00:37]} Ke6 {[%emt 0:03:33]} 52. Ke4 {[%emt 0:00:09]} Kd6 {[%emt 0:00:12]} 53. g3 {[%emt 0:01:01]} Ke6 {[%emt 0:00:23]} 54. g4 {[%emt 0:01:03]} Kd6 {[%emt 0:00:47]} 55. f4 {[%emt 0:00:38]} exf4 {[%emt 0:00:26]} 56. Kxf4 {[%emt 0:00:04]} hxg4 {[%emt 0:00:46]} 57. Kxg4 {[%emt 0:00:05]} a5 {[%emt 0:00:41]} 58. bxa5 {[%emt 0:00:53]} b4 {[%emt 0:00:15]} 59. Kf4 {[%emt 0:00:43]} b3 {[%emt 0:00:10]} 60. a6 {[%emt 0:00:08]} Kc6 {[%emt 0:00:24]} 61. Kg5 {[%emt 0:00:55]} b2 {[%emt 0:00:19]} 62. Kxg6 {[%emt 0:00:29]} b1=Q+ {[%emt 0:00:16]} 63. Kg5 {[%emt 0:00:26]} Qh7 {[%emt 0:00:14]} 64. h5 {[%emt 0:00:19]} Kb6 {[%emt 0:00:08]} 65. h6 {[%emt 0:00:08]} Kxa6 {[%emt 0:00:16]} 0-1

[Event "7th Cattolica Open-B 2020"]
[Site "Cattolica"]
[Date "2020.09.05"]
[Round "6.7"]
[White "Mammi, Ottavio"]
[Black "Pizzoferrato, Mattia"]
[Result "*"]
[WhiteElo "1633"]
[BlackElo "1854"]
[Annotator "NA RC"]
[PlyCount "35"]
[EventDate "2020.08.31"]
[EventType "swiss"]
[EventCountry "ITA"]
[SourceTitle "playchess.com"]
[Source "ChessBase"]
[SourceQuality "1"]
[TimeControl "5400+30"]

{[%evp 8,35,52,38,47,32767,32767,32767,32767,32767,32767,25,55,32767,32767,32767,32767,32767,32767,32767,32767,32767,32767,55,32767,12,18,8,27,0]} 1. e4 {[%emt 0:00:00]} c5 {[%emt 0:00:00]} 2. Nf3 {[%emt 0:00:00]} a6 {[%emt 0:00:00]} 3. c4 {[%emt 0:00:00]} b6 {[%emt 0:02:34]} 4. d4 {[%emt 1:32:00]} cxd4 {[%emt 0:00:16]} 5. Nxd4 {[%emt 0:00:31]} Bb7 {[%emt 0:00:28]} 6. Nc3 {[%emt 0:00:53]} e6 {[%emt 0:00:14]} 7. Qd3 {[%emt 0:06:20]} Qc7 {[%emt 0:04:49]} 8. Be2 {[%emt 0:01:54]} Nf6 {[%emt 0:02:47]} 9. O-O {[%emt 0:01:13]} Bb4 {[%emt 0:05:25]} 10. f3 {[%emt 1:22:50]} Nc6 {[%emt 0:02:54]} 11. Nxc6 {[%emt 0:14:08]} Bxc6 {[%emt 0:00:51]} 12. Be3 {[%emt 1:05:03]} O-O {[%emt 0:01:12]} 13. Rfd1 {[%emt 0:03:46]} Rfd8 {[%emt 0:05:43]} 14. Rac1 {[%emt 0:05:51]} Qb8 {[%emt 0:09:55]} 15. a3 {[%emt 0:05:41]} Bc5 {[%emt 0:04:34]} 16. Kh1 {[%emt 0:02:57]} d5 {[%emt 0:03:22]} 17. cxd5 {[%emt 0:03:30]} exd5 {[%emt 0:00:57]} 18. exd5 $11 {[%emt 0:01:24]} *

[Event "7th Cattolica Open-B 2020"]
[Site "Cattolica"]
[Date "2020.09.05"]
[Round "6.8"]
[White "Mammi, Ottavio"]
[Black "Pizzoferrato, Mattia"]
[Result "1-0"]
[WhiteElo "1633"]
[BlackElo "1854"]
[Annotator "NA"]
[PlyCount "81"]
[EventDate "2020.08.31"]
[EventType "swiss"]
[EventCountry "ITA"]
[SourceTitle "playchess.com"]
[Source "ChessBase"]
[SourceQuality "1"]
[TimeControl "5400+30"]

1. c4 {[%emt 0:00:07]} e5 {[%emt 0:00:00]} 2. Nc3 {[%emt 0:00:08]} Nf6 {[%emt 0:00:00]} 3. Nf3 {[%emt 0:00:16]} Nc6 {[%emt 0:00:01]} 4. e4 {[%emt 0:00:58]} Bc5 {[%emt 0:07:48]} 5. Nxe5 {[%emt 0:00:03]} Nxe5 {[%emt 0:08:50]} 6. d4 Bxd4 {[%emt 0:06:50]} 7. Qxd4 {[%emt 0:08:10]} d6 {[%emt 0:08:07]} 8. Be2 {[%emt 0:09:07]} O-O {[%emt 0:02:23]} 9. O-O {[%emt 0:00:12]} Re8 {[%emt 0:03:10]} 10. Be3 {[%emt 0:00:20]} Nc6 {[%emt 0:05:13]} 11. Qd3 {[%emt 0:00:08]} Ng4 12. Bxg4 {[%emt 0:00:11]} Bxg4 {[%emt 0:04:19]} 13. f3 {[%emt 0:00:01]} Be6 {[%emt 0:05:31]} 14. b3 {[%emt 0:00:47]} Nb4 {[%emt 0:06:03]} 15. Qd2 {[%emt 0:00:20]} f5 {[%emt 0:02:59]} 16. Nd5 {[%emt 0:00:27]} Nxd5 {[%emt 0:01:04]} 17. exd5 {[%emt 0:00:01]} Bf7 {[%emt 0:00:48]} 18. Bd4 $11 {[%emt 0:00:56]} Qd7 {[%emt 0:01:42]} 19. Qg5 {[%emt 0:00:09]} Bg6 {[%emt 0:00:16]} 20. h4 {[%emt 0:00:49]} Qe7 {[%emt 0:03:41]} 21. Qg3 {[%emt 0:00:17]} Qf7 {[%emt 0:01:00]} 22. Qf4 {[%emt 0:01:35]} Re7 {[%emt 0:05:31]} 23. Rae1 {[%emt 0:00:33]} Rae8 {[%emt 0:01:02]} 24. Kf2 {[%emt 0:00:15]} b6 {[%emt 0:02:19]} 25. Qg5 {[%emt 0:03:58]} f4 {[%emt 0:03:47]} 26. Rxe7 {[%emt 0:02:40]} Qxe7 {[%emt 0:07:12]} 27. Qxf4 {[%emt 0:00:22]} Bd3 {[%emt 0:02:16]} 28. Rc1 {[%emt 0:00:47]} Qe2+ {[%emt 0:01:43]} 29. Kg3 {[%emt 0:01:32]} Re7 {[%emt 0:01:17]} 30. Qg5 {[%emt 0:00:26]} h6 {[%emt 0:00:52]} 31. Qf4 {[%emt 0:00:16]} Qxa2 {[%emt 0:01:14]} 32. Qg4 {[%emt 0:00:56]} Qd2 {[%emt 0:02:34]} 33. Ra1 {[%emt 0:00:38]} a5 {[%emt 0:00:24]} 34. Qc8+ {[%emt 0:08:08]} Kh7 {[%emt 0:00:11]} 35. Qf8 {[%emt 0:00:11]} Qe2 {[%emt 0:00:54]} 36. Bc3 {[%emt 0:00:25]} Qe3 {[%emt 0:03:49]} 37. Re1 {[%emt 0:00:10]} Be2 {[%emt 0:00:09]} 38. Bd4 {[%emt 0:00:20]} Qd2 {[%emt 0:02:54]} 39. Qxe7 {[%emt 0:00:42]} Qxe1+ {[%emt 0:00:05]} 40. Kh2 {[%emt 0:00:28]} Qxh4+ {[%emt 0:01:25]} 41. Qxh4 {[%emt 0:00:01]} 1-0

[Event "7th Cattolica Open-B 2020"]
[Site "Cattolica"]
[Date "2020.09.05"]
[Round "6.8"]
[White "Bianco, Paolo"]
[Black "Rubinshtein, Kamilla"]
[Result "*"]
[WhiteElo "1476"]
[BlackElo "1767"]
[Annotator "NA RC"]
[PlyCount "47"]
[EventDate "2020.08.31"]
[EventType "swiss"]
[EventCountry "ITA"]
[SourceTitle "playchess.com"]
[Source "ChessBase"]
[SourceQuality "1"]
[TimeControl "5400+30"]

1. c4 {[%emt 0:00:07]} e5 {[%emt 0:00:00]} 2. Nc3 {[%emt 0:00:08]} Nf6 {[%emt 0:00:00]} 3. Nf3 {[%emt 0:00:16]} Nc6 {[%emt 0:00:01]} 4. e4 {[%emt 0:00:58]} Bc5 {[%emt 0:07:48]} 5. Nxe5 {[%emt 0:00:03]} Nxe5 {[%emt 1:24:41]} 6. d4 Bxd4 {[%emt 0:06:50]} 7. Qxd4 {[%emt 0:08:10]} d6 {[%emt 0:08:07]} 8. Be2 {[%emt 0:09:07]} O-O {[%emt 0:02:23]} 9. O-O {[%emt 0:00:12]} Re8 {[%emt 0:03:10]} 10. Be3 {[%emt 0:00:20]} Nc6 {[%emt 0:05:13]} 11. Qd3 {[%emt 0:00:08]} Ng4 12. Bxg4 {[%emt 0:00:11]} Bxg4 {[%emt 0:04:19]} 13. f3 {[%emt 0:00:01]} Be6 {[%emt 0:05:31]} 14. b3 {[%emt 0:00:47]} Nb4 {[%emt 0:06:03]} 15. Qd2 {[%emt 0:00:20]} f5 {[%emt 0:02:59]} 16. Nd5 {[%emt 0:00:27]} Nxd5 {[%emt 0:01:04]} 17. exd5 {[%emt 0:00:01]} Bf7 {[%emt 0:00:48]} 18. Bd4 {[%emt 0:00:56]} Qd7 {[%emt 0:01:42]} 19. Qg5 {[%emt 0:00:09]} Bg6 {[%emt 0:00:16]} 20. h4 {[%emt 0:00:49]} Qe7 {[%emt 0:03:41]} 21. Qg3 {[%emt 0:00:17]} Qf7 {[%emt 0:01:00]} 22. Qf4 {[%emt 0:01:35]} Re7 {[%emt 0:05:31]} 23. Rae1 {[%emt 0:00:33]} Rae8 {[%emt 0:01:02]} 24. Kf2 {[%emt 0:00:15]} *

[Event "7th Cattolica Open-B 2020"]
[Site "Cattolica"]
[Date "2020.09.05"]
[Round "6.9"]
[White "Iasman, Inna"]
[Black "Tagliaferri, Valerio"]
[Result "*"]
[WhiteElo "1659"]
[BlackElo "1777"]
[Annotator "NA RC"]
[PlyCount "25"]
[EventDate "2020.08.31"]
[EventType "swiss"]
[EventCountry "ITA"]
[SourceTitle "playchess.com"]
[Source "ChessBase"]
[SourceQuality "1"]
[TimeControl "5400+30"]

1. e4 {[%emt 0:00:41]} c6 {[%emt 0:00:00]} 2. d4 {[%emt 0:00:15]} d5 {[%emt 0:00:00]} 3. Nc3 {[%emt 0:00:20]} dxe4 {[%emt 0:00:02]} 4. Nxe4 {[%emt 0:00:11]} Bf5 {[%emt 0:00:12]} 5. Ng3 {[%emt 0:00:25]} Bg6 {[%emt 0:00:12]} 6. N1e2 {[%emt 0:00:35]} Nf6 {[%emt 0:01:45]} 7. Nf4 {[%emt 0:01:17]} e5 {[%emt 0:02:13]} 8. Nxg6 {[%emt 0:15:55]} hxg6 {[%emt 1:29:36]} 9. Be3 {[%emt 0:12:34]} Nbd7 {[%emt 0:06:19]} 10. dxe5 {[%emt 0:11:05]} Qa5+ {[%emt 0:10:57]} 11. c3 {[%emt 0:06:07]} Qxe5 {[%emt 0:01:49]} 12. Be2 {[%emt 0:06:35]} O-O-O {[%emt 0:08:26]} 13. Qa4 {[%emt 0:11:44]} *